000 00331nam a22001337a 4500
005 20230816095229.0
008 230816b |||||||| |||| 00| 0 eng d
040 _aLoreto college
041 _aEnglish
082 _a396
_bDEV
245 _aWomen in the contemporary society
_bissues and challenges
850 _aLCLIB
942 _cBK
999 _c43455
_d93934